000 01057pam a2200301 a 4500
999 _c129492
_d129492
001 4396380
003 ARRUPE
005 20190430085849.0
008 920709s1993 enka b 001 0 eng
010 _a 92027643
020 _a0335190200
020 _a0335190197 (pbk.)
040 _aDLC
_cDLC
_dDLC
050 0 0 _aLB880.F732
_bT39 1993
082 0 0 _a370.11/5
_220
100 1 _aTaylor, Paul V.,
_d1946-
_946061
245 1 4 _aThe texts of Paulo Freire /
_cPaul V. Taylor.
260 _aBuckingham ;
_aPhiladelphia :
_bOpen University Press,
_c1993.
300 _avi, 169 p. :
_bill. ;
_c24 cm.
504 _aIncludes bibliographical references (p. 158-166) and index.
600 1 0 _aFreire, Paulo,
_d1921-1997.
_926953
650 0 _aEducation
_xPhilosophy.
_946062
650 0 _aCritical theory.
_95606
650 0 _aCritical pedagogy.
_945759
650 0 _aPopular education.
_944843
906 _a7
_bcbc
_corignew
_d1
_eocip
_f19
_gy-gencatlg
942 _2lcc
_cMONOGRAPH